[Event "European Individual Chess Championship "]
[Site "Reykjavik, Iceland"]
[Date "2021.08.27"]
[Round "2.51"]
[White "Hillarp Persson, Tiger"]
[Black "Pozimski, Szymon"]
[Result "1-0"]
[WhiteElo "2543"]
[BlackElo "2019"]
[PlyCount "61"]
[EventDate "2021.08.26"]

1. Nf3 d5 2. g3 Nf6 3. Bg2 e6 4. O-O c5 5. d3 Nc6 6. Nbd2 Be7 7. e4 Qc7 8. Re1
dxe4 9. dxe4 e5 10. c3 Be6 11. Ng5 Bg4 12. Qc2 Nd7 13. Nc4 Nb6 14. Ne3 Bxg5 15.
Nxg4 Bxc1 16. Raxc1 c4 17. Ne3 O-O 18. Nd5 Qd6 19. Rcd1 Qc5 20. Nxb6 axb6 21.
Rd5 Qe7 22. Bf1 Rxa2 23. Bxc4 Raa8 24. Red1 Rad8 25. Qe2 Qc7 26. Ba2 Ne7 27.
Rxd8 Rxd8 28. Rxd8+ Qxd8 29. Qc4 Ng6 30. Qxf7+ Kh8 31. Bd5 1-0

[Event "European Individual Chess Championship "]
[Site "Reykjavik, Iceland"]
[Date "2021.08.27"]
[Round "2.52"]
[White "Baltag, Iulian"]
[Black "Nielsen, Thomas"]
[Result "1-0"]
[WhiteElo "2410"]
[BlackElo "1953"]
[PlyCount "61"]
[EventDate "2021.08.26"]

1. e4 c6 2. d4 d5 3. f3 dxe4 4. fxe4 Nd7 5. e5 Nb6 6. c3 Bf5 7. Nf3 e6 8. Bd3
Ne7 9. Bg5 Qc7 10. O-O h6 11. Bxe7 Bxe7 12. Bxf5 exf5 13. Qd3 g6 14. Nbd2 Nd5
15. c4 Nf4 16. Qc2 O-O 17. Nb3 Rad8 18. Kh1 Kg7 19. Rad1 a5 20. Qd2 Ne6 21. d5
Bb4 22. Qe3 cxd5 23. cxd5 Nc5 24. Rc1 Rxd5 25. a3 Qe7 26. axb4 Nd3 27. Rc4 Rfd8
28. bxa5 Nxb2 29. Rh4 g5 30. Nbd4 Kg6 31. Rxh6+ 1-0

[Event "European Individual Chess Championship "]
[Site "Reykjavik, Iceland"]
[Date "2021.08.27"]
[Round "2.53"]
[White "Unuk, Laura"]
[Black "Haraldsson, Haraldur"]
[Result "1-0"]
[WhiteElo "2407"]
[BlackElo "1918"]
[PlyCount "41"]
[EventDate "2021.08.26"]

1. d4 Nf6 2. c4 e6 3. Nc3 d5 4. cxd5 exd5 5. Bg5 Be7 6. e3 O-O 7. Bd3 Nbd7 8.
Qc2 h6 9. Bf4 a6 10. Nf3 c5 11. O-O c4 12. Bf5 b5 13. Ne5 Bb7 14. Rad1 Re8 15.
Qe2 Nf8 16. Qf3 b4 17. Ne2 Qb6 18. Bxh6 Ne4 19. Bxe4 Qxh6 20. Qxf7+ Kh8 21.
Bxd5 1-0

[Event "European Individual Chess Championship "]
[Site "Reykjavik, Iceland"]
[Date "2021.08.27"]
[Round "2.54"]
[White "Van Hoolandt, Patrick"]
[Black "Fruebing, Stefan"]
[Result "1/2-1/2"]
[WhiteElo "2010"]
[BlackElo "2406"]
[PlyCount "51"]
[EventDate "2021.08.26"]

1. d4 Nf6 2. c4 g6 3. Nc3 Bg7 4. e4 d6 5. Nf3 O-O 6. Be3 e5 7. dxe5 dxe5 8. Qc2
Nbd7 9. Be2 c6 10. O-O Qe7 11. a3 Nh5 12. g3 f5 13. exf5 gxf5 14. Nh4 Qf7 15.
Nxf5 Qxf5 16. Qxf5 Rxf5 17. g4 Rf7 18. gxh5 Nf6 19. h6 Bf8 20. Kh1 Kh8 21. Rg1
Be6 22. Rad1 Rd7 23. Bg5 Ng8 24. Rxd7 Bxd7 25. f4 Bxh6 26. fxe5 1/2-1/2

[Event "European Individual Chess Championship "]
[Site "Reykjavik, Iceland"]
[Date "2021.08.27"]
[Round "2.55"]
[White "Petursson, Gudni"]
[Black "Sousa, Andre Ventura"]
[Result "0-1"]
[WhiteElo "1988"]
[BlackElo "2405"]
[PlyCount "70"]
[EventDate "2021.08.26"]

1. d4 Nf6 2. c4 g6 3. Nc3 d5 4. Qb3 dxc4 5. Qxc4 Be6 6. Qd3 c5 7. dxc5 Na6 8.
Qb5+ Bd7 9. Qc4 Rc8 10. b4 Bg7 11. Bb2 O-O 12. a3 Be6 13. Qd3 Qc7 14. Nf3 Rcd8
15. Qc2 Bf5 16. Qb3 Be6 17. Qc2 b6 18. e3 bxc5 19. Bxa6 cxb4 20. axb4 Nd5 21.
Nd4 Nxb4 22. Qe2 Nxa6 23. Qxa6 Bxd4 24. exd4 Bc4 25. Qxa7 Qf4 26. d5 Rb8 27.
Bc1 Qg4 28. Rg1 Rb3 29. f3 Qh4+ 30. Qf2 Qf6 31. Bb2 Rfb8 32. Nd1 Rxb2 33. Nxb2
Qe5+ 34. Kd1 Rxb2 35. Qe1 Bb3+ 0-1

[Event "European Individual Chess Championship "]
[Site "Reykjavik, Iceland"]
[Date "2021.08.27"]
[Round "2.56"]
[White "Moller, Agnar T"]
[Black "D`costa, Lorin"]
[Result "0-1"]
[WhiteElo "1932"]
[BlackElo "2381"]
[PlyCount "72"]
[EventDate "2021.08.26"]

1. Nf3 d5 2. c4 d4 3. e3 Nc6 4. exd4 Nxd4 5. Nxd4 Qxd4 6. Nc3 c6 7. d3 Nh6 8.
Be2 g6 9. Be3 Qd8 10. g4 f5 11. h3 e5 12. f4 exf4 13. Bxf4 Bd6 14. Bxd6 Qxd6
15. Qd2 Qg3+ 16. Kd1 Nf7 17. Kc2 Be6 18. Rae1 O-O-O 19. b3 Rhe8 20. Bd1 Qd6 21.
Re3 f4 22. Re4 g5 23. Rhe1 Bd7 24. d4 Qg6 25. Kb2 Nd6 26. Rxe8 Bxe8 27. Bc2 Qg7
28. d5 cxd5 29. Qxd5 Bc6 30. Qe6+ Kc7 31. Rd1 Ne4 32. Rxd8 Qxc3+ 33. Ka3 Qa5+
34. Kb2 Qc3+ 35. Ka3 Kxd8 36. Bxe4 Qc1+ 0-1

[Event "European Individual Chess Championship "]
[Site "Reykjavik, Iceland"]
[Date "2021.08.27"]
[Round "2.57"]
[White "Stefansson, Vignir Vatnar"]
[Black "Ragnarsson, Johann"]
[Result "1-0"]
[WhiteElo "2371"]
[BlackElo "1916"]
[PlyCount "113"]
[EventDate "2021.08.26"]

1. c4 Nf6 2. d4 e5 3. dxe5 Ng4 4. Bf4 Nc6 5. Nf3 Bb4+ 6. Nbd2 Qe7 7. a3 Ngxe5
8. Nxe5 Nxe5 9. e3 Bxd2+ 10. Qxd2 d6 11. Qc3 b6 12. Be2 Bb7 13. O-O O-O 14. b4
a5 15. c5 Qf6 16. Qd4 Qg6 17. Bg3 axb4 18. cxd6 Nc6 19. Qd2 cxd6 20. axb4 Ne5
21. Qd4 Qe4 22. Qxe4 Bxe4 23. Rad1 Rfd8 24. Rd4 Bg6 25. Rfd1 f6 26. h4 Nc6 27.
Rxd6 Rxd6 28. Bxd6 Rd8 29. b5 Na7 30. Ra1 Rxd6 31. Rxa7 Kf8 32. h5 Be8 33. h6
gxh6 34. Rxh7 f5 35. Rb7 Bd7 36. Kf1 Ke7 37. Rb8 Be6 38. Ke1 Bd5 39. f3 Rg6 40.
Kf2 Rd6 41. Bd3 Be6 42. Ke2 Bd7 43. Bc4 Rg6 44. Kd3 Rd6+ 45. Kc3 Be8 46. Kb3 h5
47. Kb4 h4 48. e4 fxe4 49. fxe4 Rg6 50. e5 Rxg2 51. Rxb6 h3 52. Rb7+ Kd8 53.
Rh7 Bxb5 54. Bxb5 Rg5 55. e6 Re5 56. Bc4 Re3 57. Kc5 1-0

[Event "European Individual Chess Championship "]
[Site "Reykjavik, Iceland"]
[Date "2021.08.27"]
[Round "2.58"]
[White "Heidarsson, Arnar Milutin"]
[Black "Kanyamarala, Tarun"]
[Result "0-1"]
[WhiteElo "1916"]
[BlackElo "2369"]
[PlyCount "74"]
[EventDate "2021.08.26"]

1. d4 Nf6 2. c4 e6 3. Nc3 d5 4. cxd5 exd5 5. Bg5 Bb4 6. e3 h6 7. Bxf6 Qxf6 8.
a3 Bxc3+ 9. bxc3 O-O 10. Bd3 c5 11. Ne2 Nc6 12. O-O Rd8 13. Rb1 Qd6 14. a4 b6
15. Qd2 Bd7 16. dxc5 bxc5 17. Rfd1 Ne5 18. Bc2 Bc6 19. Nf4 Qf6 20. Bb3 Qg5 21.
Qe2 d4 22. h4 Qxh4 23. cxd4 cxd4 24. exd4 Nf3+ 25. gxf3 Qxf4 26. Qe3 Qxf3 27.
d5 Qg4+ 28. Kh2 Bxd5 29. Bxd5 Qh5+ 30. Kg1 Rxd5 31. Rxd5 Qxd5 32. Rb5 Qd1+ 33.
Kh2 Qxa4 34. Re5 Rd8 35. Re7 Qh4+ 36. Kg2 Qg4+ 37. Kh2 Rd5 0-1

[Event "European Individual Chess Championship "]
[Site "Reykjavik, Iceland"]
[Date "2021.08.27"]
[Round "2.59"]
[White "Briem, Benedikt"]
[Black "Kjartansson, David"]
[Result "0-1"]
[WhiteElo "1858"]
[BlackElo "2326"]
[PlyCount "126"]
[EventDate "2021.08.26"]

1. d4 Nf6 2. c4 g6 3. Nc3 Bg7 4. e4 d6 5. Be2 O-O 6. Nf3 Bg4 7. Be3 Nfd7 8. Ng1
Bxe2 9. Ngxe2 e5 10. d5 a5 11. Qd2 Na6 12. g4 Nac5 13. Ng3 a4 14. Rc1 Nb6 15.
Nb1 c6 16. h3 cxd5 17. cxd5 Nbd7 18. O-O Qb6 19. Na3 Qa6 20. Rfd1 Rfc8 21. Kg2
Bf6 22. f3 Bd8 23. Qe2 Qa5 24. Qb5 Qxb5 25. Nxb5 Bc7 26. Ne2 Kg7 27. Kh2 h6 28.
Kg3 Ra5 29. Nec3 Ra6 30. Na3 Rf8 31. Kf2 f5 32. gxf5 gxf5 33. Ke2 Rb6 34. Rg1+
Kh7 35. Rc2 Rb4 36. exf5 Rh4 37. Rg3 Rxf5 38. Ne4 Rf7 39. Nxc5 dxc5 40. Nb5 b6
41. Na7 Nf6 42. Rd2 Bd6 43. Nc8 Bc7 44. d6 Bd8 45. d7 Rxd7 46. Rxd7+ Nxd7 47.
Nd6 Rb4 48. Bc1 Bg5 49. Bxg5 hxg5 50. b3 axb3 51. axb3 Rxb3 52. Rxg5 b5 53. Nf7
Rb2+ 54. Ke3 c4 55. Nxe5 Nxe5 56. Rxe5 b4 57. Kf4 b3 58. Kg5 Rg2+ 59. Kf6 b2
60. Rb5 c3 61. Kf5 Rg1 62. Rb7+ Rg7 63. Rb3 c2 0-1

[Event "European Individual Chess Championship "]
[Site "Reykjavik, Iceland"]
[Date "2021.08.27"]
[Round "2.60"]
[White "Pein, Malcolm"]
[Black "Gudmundsson, Gunnar Erik"]
[Result "1-0"]
[WhiteElo "2309"]
[BlackElo "1844"]
[PlyCount "77"]
[EventDate "2021.08.26"]

1. Nf3 Nf6 2. c4 e6 3. Nc3 d5 4. d4 Be7 5. Bf4 O-O 6. e3 c5 7. dxc5 Bxc5 8. Qc2
Qe7 9. O-O-O Nc6 10. Bg5 dxc4 11. Bxc4 Qc7 12. Bxf6 gxf6 13. Qe4 Ne5 14. Bb3
Bd7 15. Nxe5 fxe5 16. Qh4 a5 17. Qg5+ Kh8 18. Rxd7 Qxd7 19. Qf6+ Kg8 20. Qg5+
Kh8 21. Qxe5+ f6 22. Qxc5 Rfc8 23. Qd4 Qe7 24. Kb1 Rd8 25. Qc4 Ra6 26. Rd1
Rxd1+ 27. Bxd1 Rd6 28. Bb3 Kg7 29. a3 Rb6 30. Nb5 Qd7 31. Qg4+ Kf7 32. Nd4 Rxb3
33. Nxb3 Qd3+ 34. Ka2 Qd5 35. f3 e5 36. Qe4 Qb5 37. a4 Qb6 38. Qd5+ Ke7 39.
Qc5+ 1-0

[Event "European Individual Chess Championship "]
[Site "Reykjavik, Iceland"]
[Date "2021.08.27"]
[Round "2.61"]
[White "Acevedo Mendez, Lisseth"]
[Black "Aizenberg, Benny"]
[Result "0-1"]
[WhiteElo "1825"]
[BlackElo "2309"]
[PlyCount "82"]
[EventDate "2021.08.26"]

1. e4 c5 2. Nf3 e6 3. d4 cxd4 4. Nxd4 Nf6 5. Bd3 Nc6 6. Nf3 Nb4 7. O-O Nxd3 8.
Qxd3 d5 9. exd5 Qxd5 10. Qe2 Be7 11. Nc3 Qh5 12. Bf4 O-O 13. Rfe1 b6 14. Rad1
Bb7 15. Ne5 Qxe2 16. Rxe2 Rfd8 17. Red2 Rxd2 18. Rxd2 h6 19. Be3 Bb4 20. f3 Nd5
21. Nxd5 Bxd2 22. Ne7+ Kf8 23. N7g6+ fxg6 24. Nxg6+ Ke8 25. Bxd2 Rd8 26. Be3
Rd1+ 27. Kf2 Rb1 28. Bd4 Rc1 29. h4 Rxc2+ 30. Kg3 Ba6 31. Nf4 Kf7 32. Kg4 Bf1
33. g3 h5+ 34. Kg5 Rc4 35. Be3 Rb4 36. Kxh5 Rxb2 37. a4 Ra2 38. Ng6 Rxa4 39.
Ne5+ Kf6 40. Bf4 Ra5 41. Kg4 Rxe5 0-1

[Event "European Individual Chess Championship "]
[Site "Reykjavik, Iceland"]
[Date "2021.08.27"]
[Round "2.63"]
[White "Sylvan, Jacob"]
[Black "Ingason, Sigurdur"]
[Result "1-0"]
[WhiteElo "2307"]
[BlackElo "1805"]
[PlyCount "57"]
[EventDate "2021.08.26"]

1. c4 e5 2. g3 Nf6 3. Bg2 c6 4. d4 Bb4+ 5. Bd2 Bxd2+ 6. Qxd2 d6 7. Nc3 O-O 8.
Rd1 Qe7 9. d5 c5 10. e4 Bg4 11. f3 Bh5 12. h4 Bg6 13. Nge2 h6 14. g4 h5 15. Qg5
Re8 16. Ng3 hxg4 17. fxg4 Nfd7 18. Qxe7 Rxe7 19. h5 Bh7 20. g5 a6 21. Nf5 Bxf5
22. exf5 Nb6 23. b3 N8d7 24. Ne4 Nc8 25. f6 gxf6 26. gxf6 Re8 27. Bh3 Ndb6 28.
Rg1+ Kh8 29. Rg7 1-0

[Event "European Individual Chess Championship "]
[Site "Reykjavik, Iceland"]
[Date "2021.08.27"]
[Round "2.64"]
[White "Maggason, Oskar"]
[Black "Milikow, Yoav"]
[Result "0-1"]
[WhiteElo "1783"]
[BlackElo "2287"]
[PlyCount "94"]
[EventDate "2021.08.26"]

1. d4 Nf6 2. c4 e6 3. Nf3 d5 4. e3 b6 5. Nc3 Bb7 6. Bd3 Nbd7 7. O-O Bd6 8. Re1
Ne4 9. Qc2 Nxc3 10. bxc3 dxc4 11. Be4 c6 12. Qe2 b5 13. Bc2 O-O 14. e4 e5 15.
Bg5 f6 16. Bh4 Qc7 17. Rad1 c5 18. Bg3 Rfe8 19. d5 Nb6 20. Nh4 g6 21. Rf1 a5
22. Qd2 b4 23. f4 Qg7 24. fxe5 fxe5 25. Nf3 h6 26. Bf2 Rf8 27. Be3 Kh7 28. h3
Bc8 29. Bxh6 Qxh6 30. Ng5+ Kg8 31. Rxf8+ Bxf8 32. d6 Bd7 33. Rf1 bxc3 34. Qe3
Bxd6 35. Rf7 Ba4 36. Qg3 Bxc2 37. Rh7 Qxh7 38. Nxh7 Kxh7 39. Qxc3 Bxe4 40. Qd2
Bd3 41. h4 Rf8 42. g4 Nd5 43. h5 Rf1+ 44. Kg2 Nf4+ 45. Kg3 e4 46. hxg6+ Kxg6
47. Qxa5 Rf3+ 0-1

[Event "European Individual Chess Championship "]
[Site "Reykjavik, Iceland"]
[Date "2021.08.27"]
[Round "2.65"]
[White "Karason, Askell O"]
[Black "Jonsson, Olafur Gisli"]
[Result "0-1"]
[WhiteElo "2270"]
[BlackElo "1800"]
[PlyCount "150"]
[EventDate "2021.08.26"]

1. d4 d5 2. c4 c6 3. Nc3 Nf6 4. Nf3 e6 5. Bg5 h6 6. Bh4 Be7 7. e3 Nbd7 8. Qc2
O-O 9. a3 b6 10. cxd5 exd5 11. Bd3 Bb7 12. O-O Rc8 13. Rfd1 Re8 14. b4 c5 15.
bxc5 bxc5 16. Qb2 Qb6 17. Qxb6 Nxb6 18. Bf5 Rcd8 19. Nb5 g6 20. dxc5 Nc4 21.
Bc2 g5 22. Bg3 Bxc5 23. a4 Ne4 24. Nc7 Re7 25. Bb3 Nxe3 26. Rdc1 Bb6 27. Nb5
Nxg3 28. hxg3 Ng4 29. Nfd4 Ba5 30. Nf5 Re2 31. Nbd4 Rb2 32. Rab1 Rxb1 33. Rxb1
Bc8 34. Bxd5 Bb6 35. Bf3 Ne5 36. Ne7+ Kf8 37. Ndf5 Nxf3+ 38. gxf3 Be6 39. Rb2
Re8 40. g4 Rxe7 41. Nxe7 Kxe7 42. a5 Bc5 43. Rb8 Bd4 44. Rb4 Bc5 45. Rb8 Kf6
46. Rb5 Bd4 47. Rb4 Ke5 48. Kg2 Kd5 49. f4 gxf4 50. Kf3 Kc5 51. Rb8 Bd5+ 52.
Kxf4 Bxf2 53. a6 Kc6 54. Rh8 Kb5 55. Rxh6 Bc4 56. g5 Bb6 57. g6 fxg6 58. Rxg6
Kxa6 59. Ke4 Kb5 60. Rh6 Kb4 61. Rh7 Bc5 62. Rb7+ Bb5 63. Rb8 a5 64. Kd5 a4 65.
Ra8 Bc4+ 66. Kc6 Bb3 67. Rb8+ Kc4 68. Rb5 Bd4 69. Ra5 Bb2 70. Rc5+ Kd3 71. Rh5
a3 72. Rh3+ Kc2 73. Rh2+ Kb1 74. Kb5 a2 75. Rh1+ Bc1 0-1

[Event "European Individual Chess Championship "]
[Site "Reykjavik, Iceland"]
[Date "2021.08.27"]
[Round "2.67"]
[White "Thorsteinsson, Thorsteinn"]
[Black "Tummasarson, Flovin M."]
[Result "1-0"]
[WhiteElo "2260"]
[BlackElo "1764"]
[PlyCount "83"]
[EventDate "2021.08.26"]

1. d4 Nf6 2. c4 g6 3. Nc3 d5 4. Nf3 Bg7 5. Bg5 Ne4 6. cxd5 Nxc3 7. bxc3 Qxd5 8.
Qb3 Qxb3 9. axb3 f5 10. Bf4 c5 11. e3 Be6 12. Bb5+ Bd7 13. Bxb8 Bxb5 14. Bxa7
cxd4 15. exd4 Bc6 16. O-O Bxf3 17. gxf3 Kd7 18. Bc5 Rhe8 19. Rfe1 Rxa1 20. Rxa1
e5 21. Re1 exd4 22. Rxe8 Kxe8 23. Bxd4 Bxd4 24. cxd4 Ke7 25. Kf1 Kd6 26. Ke2
Kd5 27. Kd3 f4 28. h3 g5 29. Kc3 h6 30. Kd3 h5 31. Kc3 b5 32. Kb4 Kxd4 33. Kxb5
g4 34. fxg4 hxg4 35. hxg4 Ke4 36. Kc5 f3 37. g5 Kf5 38. b4 Kxg5 39. b5 Kh4 40.
b6 Kh3 41. Kd4 Kg2 42. Ke3 1-0

[Event "European Individual Chess Championship "]
[Site "Reykjavik, Iceland"]
[Date "2021.08.27"]
[Round "2.68"]
[White "Hjaltason, Elvar Orn"]
[Black "Koellner, Aaron Noah"]
[Result "0-1"]
[WhiteElo "1702"]
[BlackElo "2248"]
[PlyCount "106"]
[EventDate "2021.08.26"]

1. e4 c5 2. Nf3 e6 3. d4 cxd4 4. Nxd4 Nc6 5. Nc3 Qc7 6. Be3 a6 7. Qf3 Bd6 8.
O-O-O Be5 9. Nxc6 bxc6 10. Bd4 Bf4+ 11. Kb1 Nf6 12. g3 Be5 13. Bxe5 Qxe5 14.
Qe3 Rb8 15. f4 Qa5 16. e5 Qa3 17. b3 Nd5 18. Nxd5 cxd5 19. Bd3 a5 20. Rhe1 a4
21. Qc1 Qc5 22. f5 Ra8 23. f6 g6 24. Qe3 Qa3 25. Qc1 axb3 26. Qxa3 bxc2+ 27.
Bxc2 Rxa3 28. Kb2 Ra5 29. Rd4 Ba6 30. Bb3 Bb5 31. Rc1 Bc6 32. Rc3 Kd8 33. h4 h5
34. Kc2 Kc7 35. Kb2 d6 36. Re3 dxe5 37. Rxe5 Kd6 38. Re1 Rb8 39. g4 e5 40. Rd2
hxg4 41. Rg1 Rb4 42. Rg3 Ba4 43. Rdg2 Bxb3 44. axb3 Rab5 45. Rxg4 Rxb3+ 46. Kc2
Rb2+ 47. Kc1 Rb1+ 48. Kd2 R5b2+ 49. Ke3 d4+ 50. Kf3 Rf1+ 51. Ke4 Re1+ 52. Kd3
Re3+ 53. Kc4 Rc3# 0-1

[Event "European Individual Chess Championship "]
[Site "Reykjavik, Iceland"]
[Date "2021.08.27"]
[Round "2.69"]
[White "Humburg, Philipp"]
[Black "Jonsson, Kristjan Dagur"]
[Result "1-0"]
[WhiteElo "2245"]
[BlackElo "1706"]
[PlyCount "89"]
[EventDate "2021.08.26"]

1. e4 c6 2. d3 d5 3. Nd2 e5 4. Ngf3 Bd6 5. g3 Nf6 6. Bg2 Bg4 7. h3 Be6 8. O-O
h6 9. d4 Nbd7 10. exd5 cxd5 11. dxe5 Nxe5 12. Nxe5 Bxe5 13. Nf3 Bc7 14. Nd4 Qd7
15. Nxe6 fxe6 16. c4 O-O 17. cxd5 exd5 18. Be3 Be5 19. Qb3 Qf7 20. Rad1 b6 21.
Rxd5 Rae8 22. Rd3 Kh7 23. Qxf7 Rxf7 24. b3 Rfe7 25. Bd2 Bc7 26. Rc1 b5 27. Bc6
Rb8 28. Be3 Bb6 29. Bxb6 Rxb6 30. Bf3 Kg6 31. Kg2 Rbe6 32. h4 Nd7 33. Rd5 Re5
34. Rc6+ Nf6 35. Rxe5 Rxe5 36. Ra6 Kf5 37. Rxa7 g5 38. hxg5 hxg5 39. a4 g4 40.
Bc6 b4 41. Rb7 Rc5 42. Rb5 Rxb5 43. Bxb5 Ke5 44. f3 Kd4 45. a5 1-0

[Event "European Individual Chess Championship "]
[Site "Reykjavik, Iceland"]
[Date "2021.08.27"]
[Round "2.70"]
[White "Papidakis, Georgios"]
[Black "Patt, Zafrir"]
[Result "1-0"]
[WhiteElo "2228"]
[BlackElo "1677"]
[PlyCount "67"]
[EventDate "2021.08.26"]

1. e4 c5 2. Nf3 d6 3. Bb5+ Nd7 4. d4 cxd4 5. Qxd4 a6 6. Bxd7+ Bxd7 7. Nc3 e5 8.
Qd3 h6 9. O-O Nf6 10. Rd1 Be7 11. a4 O-O 12. Nd2 Be6 13. Nf1 Rc8 14. Ne3 Qc7
15. Bd2 Rfd8 16. Be1 Bc4 17. Qd2 Qc6 18. f3 Rd7 19. Bf2 Be6 20. a5 Bd8 21. Ncd5
Bxd5 22. exd5 Qc7 23. Qd3 g6 24. c4 Re7 25. Bh4 Re8 26. b4 e4 27. Qd4 exf3 28.
gxf3 Nd7 29. Bxd8 Qxd8 30. Rac1 Qg5+ 31. Kf2 Qh5 32. Qf4 Ne5 33. c5 f5 34. Kg2
1-0

[Event "European Individual Chess Championship "]
[Site "Reykjavik, Iceland"]
[Date "2021.08.27"]
[Round "2.71"]
[White "Thorisson, Benedikt"]
[Black "Lorscheid, Gerhard"]
[Result "0-1"]
[WhiteElo "1624"]
[BlackElo "2202"]
[PlyCount "90"]
[EventDate "2021.08.26"]

1. e4 d6 2. d4 Nf6 3. Nc3 e5 4. dxe5 dxe5 5. Qxd8+ Kxd8 6. Nf3 Bd6 7. Bg5 Nbd7
8. O-O-O a6 9. Nd5 Ke8 10. Nxf6+ gxf6 11. Be3 Nc5 12. Nd2 Be6 13. f3 b5 14. Nb3
Nb7 15. g3 Ke7 16. f4 Bg4 17. Rd2 c5 18. Kb1 c4 19. Nc1 Rad8 20. Bg2 Bc5 21.
Bxc5+ Nxc5 22. Rd5 Rxd5 23. exd5 e4 24. h3 Bc8 25. Ne2 Kd6 26. Nc3 f5 27. a3
Rg8 28. g4 h5 29. g5 h4 30. Bf1 Nd7 31. Rg1 Nf8 32. Be2 Ng6 33. Rf1 Rh8 34. Kc1
Bb7 35. Kd2 Bxd5 36. Nxd5 Kxd5 37. Ke3 Ne7 38. Rd1+ Ke6 39. Rf1 Rd8 40. Bh5 f6
41. a4 Nd5+ 42. Ke2 Rh8 43. axb5 axb5 44. Ra1 Nxf4+ 45. Ke3 Nxh5 0-1

[Event "European Individual Chess Championship "]
[Site "Reykjavik, Iceland"]
[Date "2021.08.27"]
[Round "2.72"]
[White "Thorhallsson, Simon"]
[Black "Ragnarsson, Heimir Pall"]
[Result "1-0"]
[WhiteElo "2199"]
[BlackElo "1619"]
[PlyCount "63"]
[EventDate "2021.08.26"]

1. e4 c5 2. Nf3 d6 3. d4 cxd4 4. Nxd4 Nf6 5. Nc3 g6 6. Be3 Bg7 7. f3 a6 8. Qd2
h5 9. h3 b5 10. a4 b4 11. Na2 a5 12. c3 Nfd7 13. cxb4 axb4 14. Nxb4 Nc5 15.
Bb5+ Bd7 16. O-O O-O 17. Qc2 f5 18. Bxd7 Qxd7 19. exf5 gxf5 20. Nd5 f4 21. Bf2
Qb7 22. Nf5 Rf7 23. Rad1 Nc6 24. Nxg7 Rxg7 25. Rfe1 Nxa4 26. Nxf4 Ne5 27. Rxe5
dxe5 28. Ne6 Qxb2 29. Qc6 Qa3 30. Qxa8+ Kh7 31. Qe4+ Kh6 32. Be3+ 1-0

[Event "European Individual Chess Championship "]
[Site "Reykjavik, Iceland"]
[Date "2021.08.27"]
[Round "2.73"]
[White "Gombocz, Ferenc Jr."]
[Black "Gade, Jens"]
[Result "1-0"]
[WhiteElo "2191"]
[BlackElo "1487"]
[PlyCount "37"]
[EventDate "2021.08.26"]

1. c4 e5 2. g3 Nf6 3. Bg2 Be7 4. Nc3 O-O 5. e4 d6 6. Nge2 c6 7. O-O Bg4 8. h3
Bh5 9. g4 Bg6 10. f4 exf4 11. Nxf4 Qb6+ 12. d4 Nbd7 13. Kh1 h6 14. b3 Bh7 15.
Be3 Qc7 16. Qf3 a6 17. a4 Rad8 18. Rae1 c5 19. Nfd5 1-0

[Event "European Individual Chess Championship "]
[Site "Reykjavik, Iceland"]
[Date "2021.08.27"]
[Round "2.74"]
[White "Omarsson, Adam"]
[Black "Gueci, Tea"]
[Result "0-1"]
[WhiteElo "1546"]
[BlackElo "2188"]
[PlyCount "38"]
[EventDate "2021.08.26"]

1. d4 Nf6 2. c4 e6 3. Nc3 Bb4 4. f3 d5 5. a3 Bxc3+ 6. bxc3 c5 7. cxd5 Nxd5 8.
dxc5 Qa5 9. e4 Nf6 10. Be3 O-O 11. Kf2 Nfd7 12. Qd6 Qxc3 13. Rd1 Nc6 14. Ne2
Qxa3 15. Nf4 Nde5 16. Be2 Qa5 17. Ra1 Qd8 18. Nh5 Qh4+ 19. Ng3 Rd8 0-1

[Event "European Individual Chess Championship "]
[Site "Reykjavik, Iceland"]
[Date "2021.08.27"]
[Round "2.75"]
[White "Kanyamarala, Trisha"]
[Black "Moller, Tomas"]
[Result "1-0"]
[WhiteElo "2180"]
[BlackElo "1402"]
[PlyCount "49"]
[EventDate "2021.08.26"]

1. d4 d5 2. c4 c6 3. cxd5 cxd5 4. Bf4 Nf6 5. Nc3 a6 6. e3 Nc6 7. Bd3 e6 8. Nf3
Bd6 9. Bg5 h6 10. Bh4 Bd7 11. O-O O-O 12. Rc1 Rc8 13. Bb1 Be7 14. a3 b5 15. Qd3
g6 16. Ne2 Ne4 17. Bxe7 Qxe7 18. Nd2 Nd6 19. Nf4 Nc4 20. Nxc4 bxc4 21. Qd2 Kg7
22. e4 Qd6 23. e5 Qe7 24. Rc3 Rg8 25. Nh5+ 1-0

[Event "European Individual Chess Championship "]
[Site "Reykjavik, Iceland"]
[Date "2021.08.27"]
[Round "2.76"]
[White "Heidarsson, Mikael Bjarki"]
[Black "Player, Edmund C"]
[Result "0-1"]
[WhiteElo "1473"]
[BlackElo "2172"]
[PlyCount "33"]
[EventDate "2021.08.26"]

1. d4 d5 2. c4 dxc4 3. e4 Nf6 4. e5 Nd5 5. Bxc4 Bf5 6. Qb3 c6 7. Nc3 e6 8. Qxb7
Nb6 9. Nf3 Nxc4 10. Qxa8 Qc7 11. Na4 Bb4+ 12. Nd2 O-O 13. b3 Nxe5 14. dxe5
Qxe5+ 15. Kd1 Qxa1 16. Qxa7 Rd8 17. Qc7 0-1

[Event "European Individual Chess Championship "]
[Site "Reykjavik, Iceland"]
[Date "2021.08.27"]
[Round "2.77"]
[White "Birkisson, Bardur Orn"]
[Black "Kjartansson, Matthias Bjorgvin"]
[Result "1-0"]
[WhiteElo "2163"]
[BlackElo "1389"]
[PlyCount "49"]
[EventDate "2021.08.26"]

1. d4 Nf6 2. Nf3 d5 3. Bf4 Bf5 4. e3 e6 5. Be2 Be7 6. h3 O-O 7. O-O Nbd7 8. c4
c6 9. Nc3 Qb6 10. Qc1 Ne4 11. c5 Qd8 12. b4 b6 13. b5 bxc5 14. bxc6 Nb6 15.
dxc5 Bf6 16. Nxe4 dxe4 17. Nd4 Nd5 18. Bd6 Be7 19. Nxf5 exf5 20. Qa3 Rc8 21.
Rfd1 Bxd6 22. cxd6 Qf6 23. Rac1 Nb6 24. d7 Rc7 25. Qxf8+ 1-0

[Event "European Individual Chess Championship "]
[Site "Reykjavik, Iceland"]
[Date "2021.08.27"]
[Round "2.78"]
[White "Bergsson, Stefan"]
[Black "Kjartansson, Arnar Logi"]
[Result "1-0"]
[WhiteElo "2158"]
[BlackElo "1271"]
[PlyCount "75"]
[EventDate "2021.08.26"]

1. c4 Nf6 2. Nc3 d5 3. cxd5 Nxd5 4. g3 Nxc3 5. bxc3 g6 6. Bg2 Bg7 7. d4 O-O 8.
e3 c5 9. Ne2 Nc6 10. O-O cxd4 11. cxd4 Bg4 12. Rb1 Rb8 13. h3 Bf5 14. e4 Bd7
15. Be3 Qc7 16. Qd3 Rfd8 17. Rfc1 Qa5 18. a3 e5 19. d5 Nd4 20. Nxd4 exd4 21.
Bxd4 Bxd4 22. Qxd4 Qxa3 23. Ra1 Qb3 24. Rcb1 Qc2 25. Rb2 Qc7 26. Rxa7 Qc1+ 27.
Kh2 Ra8 28. Rxa8 Rxa8 29. Rxb7 Bc8 30. Qb2 Qc4 31. Rb8 Ra7 32. Qb6 Rc7 33. d6
Rc6 34. d7 Rxb6 35. Rxc8+ Kg7 36. Rxc4 Rd6 37. Rc7 f6 38. Ra7 1-0

[Event "European Individual Chess Championship "]
[Site "Reykjavik, Iceland"]
[Date "2021.08.27"]
[Round "2.79"]
[White "Helgadottir, Idunn"]
[Black "Saraci, Korab"]
[Result "0-1"]
[WhiteElo "1243"]
[BlackElo "2154"]
[PlyCount "64"]
[EventDate "2021.08.26"]

1. d4 Nf6 2. c4 e5 3. dxe5 Ng4 4. Nf3 Nc6 5. Bf4 Bb4+ 6. Nc3 Qe7 7. e3 Ngxe5 8.
Nxe5 Nxe5 9. Qc2 O-O 10. a3 Bd6 11. O-O-O c6 12. Qe4 Bc7 13. Kb1 d6 14. h4 Qf6
15. Qd4 Be6 16. c5 Rfd8 17. Bg5 Qg6+ 18. e4 dxc5 19. Qa4 b5 20. Qc2 Rxd1+ 21.
Qxd1 b4 22. Qc2 bxc3 23. f4 f6 24. f5 Qe8 25. fxe6 fxg5 26. hxg5 cxb2 27. Qxc5
Qxe6 28. g3 Rf8 29. Bh3 Qxh3 30. Qxf8+ Kxf8 31. Rxh3 Nc4 32. Rxh7 Be5 0-1